000 00620nam a2200205Ia 4500
001 15554
003 GE_BSU
008 181216s||||||||xx |||||||||||||| ||und||
040 _cGE_BSU
080 _a821.353.1-1
100 _aძნელაძე, გივი
245 _aლექსები
245 _cრედ.დ.ივარდავა.მხატვ.ს.ცინცაძე
260 _aთბილისი
260 _bსაბჭ. საქართველო,
260 _c1969
300 _a174გვ.1 ფ. პორტრ.16სმ.
653 _aლექსები
942 _cBK
999 _c48654
_d48654